Šľachtenie a selekcia kvasiniek na produkciu špeciálnych pív + CD-ROM

Salvato in:
Dettagli Bibliografici
Autore principale: Bieliková, Silvia
Natura: Libro
Lingua:slovacco
Pubblicazione: Bratislava STU v Bratislave FCHPT 2005
Accesso online:Visualizza in OPAC
Tags: Aggiungi Tag
Nessun Tag, puoi essere il primo ad aggiungerne!!

MARC

LEADER 00000nam a2200000 a 4500
005 20260127134049.0
008 050630 2005 xo 000 0 slo d
035 |a vtls008181933 
039 9 |y 200506301032  |z mschk03 
040 |a STUSCHK1  |b slo  |c STUSCHK1  |e AACR2 
100 1 |a Bieliková, Silvia 
245 1 |a Šľachtenie a selekcia kvasiniek na produkciu špeciálnych pív  |b + CD-ROM 
260 |a Bratislava  |b STU v Bratislave FCHPT  |c 2005 
300 |a 70 s. 
500 |a Obháj.: 7.6. 2005 
500 |a Špec.: Biotechnológia 
910 |a SCHK95 
999 |c 3234  |d 3234